Podpolianska heligónka : metodika hry pre dvojradovú heligónku : vhodná pre samoukov aj učiteľov ZUŠ /
Uložené v:
| Hlavný autor: | |
|---|---|
| Médium: | Kniha |
| Jazyk: | Slovak |
| Vydané: |
[Malé Kršteňany] :
[Biely Lotos],
[2025].
|
| Vydanie: | 1. vydanie |
| Témy: | |
| ISBN: |
9788069107021 |
| Fyzický popis: |
32 strán : ilustrácie ; 30 cm. |
| Tagy: |
Pridať tag
Žiadne tagy, Buďte prvý kto otaguje tento záznam!
|
Titul je dostupný aj v ... 

MARC
| LEADER | 00000nam a2200000 i 4500 | ||
|---|---|---|---|
| 001 | 000731069 | ||
| 005 | 20250616075515.0 | ||
| 008 | 250527s2025 xo a g f 000 0 slo d | ||
| 020 | |a 9788069107021 |q (brožované) | ||
| 040 | |a SVKKK |b slo |c SVKKK |e rda | ||
| 041 | 0 | |a slo | |
| 044 | |a xo |c SK | ||
| 072 | 7 | |a 780.6 |x Hudobné nástroje a príslušenstvo |2 konspekt | |
| 080 | |a 780.647.2 |2 2011 | ||
| 080 | |a 780.61/.66 |2 2011 | ||
| 080 | |a 784.4 |2 2011 | ||
| 080 | |a (072) |2 2011 | ||
| 100 | 1 | |a Jaraba, Dominik |4 aut | |
| 245 | 1 | 0 | |a Podpolianska heligónka : |b metodika hry pre dvojradovú heligónku : vhodná pre samoukov aj učiteľov ZUŠ / |c Dominik Jaraba. |
| 250 | |a 1. vydanie | ||
| 264 | 1 | |a [Malé Kršteňany] : |b [Biely Lotos], |c [2025]. | |
| 300 | |a 32 strán : |b ilustrácie ; |c 30 cm. | ||
| 336 | |a text |b txt |2 rdacontent | ||
| 337 | |a bez média |b n |2 rdamedia | ||
| 338 | |a zväzok |b nc |2 rdacarrier | ||
| 500 | |a Názov z obálky | ||
| 650 | 0 | 7 | |a heligónka |2 SVKKKPH |
| 650 | 0 | 7 | |a hudobné nástroje |2 SVKKKPH |
| 650 | 0 | 7 | |a ľudové piesne |2 SVKKKPH |
| 650 | 0 | 7 | |a heligonka |2 SVKKKPHeng |
| 650 | 0 | 7 | |a musical instruments |2 SVKKKPHeng |
| 650 | 0 | 7 | |a folk songs |2 SVKKKPHeng |
| 655 | 7 | |a metodické príručky |2 SVKKKPH | |
| 655 | 7 | |a methodological manuals |2 SVKKKPHeng | |
| 910 | |a svkkk | ||
| 919 | |a 978-80-69107-02-1 | ||
| 998 | |a BK | ||
| 090 | |g SCKHL |k Sklad Hlavná 10 prízemie |a V.244906 |j 1133182 |i 2721145627 |s Povinný výt. | ||